Lễ hội Nàng Hai của người Tày Cao Bằng
Sách giới thiệu khái quát về tỉnh Cao Bằng và dân tộc Tày Cao Bằng, các hình thức lễ hội Nàng Hai, khúc hát lượn Hai cầu mùa bản Giuồng xã Tiên Thành, huyện Quảng Uyên, tỉnh Cao Bằng.
Sparad:
| Huvudupphovsman: | |
|---|---|
| Materialtyp: | Bok |
| Språk: | Undetermined |
| Publicerad: |
Hà Nội
Nxb. Đại học Quốc gia Hà Nội
2011
|
| Ämnen: | |
| Taggar: |
Lägg till en tagg
Inga taggar, Lägg till första taggen!
|
| Thư viện lưu trữ: | Trung tâm Học liệu Trường Đại học Cần Thơ |
|---|
| LEADER | 00923nam a2200205Ia 4500 | ||
|---|---|---|---|
| 001 | CTU_167663 | ||
| 008 | 210402s9999 xx 000 0 und d | ||
| 082 | |a 394.269597 | ||
| 082 | |b Y603 | ||
| 100 | |a Nguyễn, Thị Yên | ||
| 245 | 0 | |a Lễ hội Nàng Hai của người Tày Cao Bằng | |
| 245 | 0 | |c Nguyễn Thị Yên | |
| 260 | |a Hà Nội | ||
| 260 | |b Nxb. Đại học Quốc gia Hà Nội | ||
| 260 | |c 2011 | ||
| 520 | |a Sách giới thiệu khái quát về tỉnh Cao Bằng và dân tộc Tày Cao Bằng, các hình thức lễ hội Nàng Hai, khúc hát lượn Hai cầu mùa bản Giuồng xã Tiên Thành, huyện Quảng Uyên, tỉnh Cao Bằng. | ||
| 650 | |a Folk festivals,Lễ hội dân gian | ||
| 650 | |z Vietnam,Việt Nam | ||
| 904 | |i Trọng Hải | ||
| 980 | |a Trung tâm Học liệu Trường Đại học Cần Thơ | ||